Tabla de Contenidos: volumen 23, números 1-2, 1997
Wedi'i Gadw mewn:
| Fformat: | Llyfr |
|---|---|
| Iaith: | Spanish |
| Cyhoeddwyd: |
San José, Costa Rica:
Editorial Universidad de Costa Rica;
1997
|
| Tagiau: |
Ychwanegu Tag
Dim Tagiau, Byddwch y cyntaf i dagio'r cofnod hwn!
|
MARC
| LEADER | 00000nam a2200000 4500 | ||
|---|---|---|---|
| 003 | cru IIS | ||
| 005 | 20210722133457.0 | ||
| 008 | 210722s1997 cr|||||| |||| 00| 0 spa d | ||
| 022 | |a 0377-7316 | ||
| 040 | |a Centro de Recursos para el Aprendizaje y la Investigación |b Español |c cru IIS | ||
| 090 | |a REV0040 23 (1-2) 1997 | ||
| 245 | |a Tabla de Contenidos: |b volumen 23, números 1-2, 1997 | ||
| 260 | |a San José, Costa Rica: |b Editorial Universidad de Costa Rica; |c 1997 | ||
| 500 | |a Colección Centroamérica | ||
| 505 | |a Contenidos:1.La vegetación de América Central: características, transformaciones y protección / Gilbert Vargas Ulate --2.Mujer y medios de comunicación en Centroamérica / Alejandra Cruz Muñoz --3.Los Estados Unidos y el Mercado Común Centroamericano a finales de los años 50 / Charles Carreras --4.Cuando la Revolución Llegó al Campo. La política agraria sandinista, su debate y su impacto en las zonas rurales del interior / Salvador Martí i Puig --5."Se trata de una dictadura sui generis". La Universidad de Costa Rica y la Guerra Civil de 1948 / Patricia Fumero --6.Indígenas insumisos, frailes y soldados: Talamanca y Guatuso, 1660 - 1821 / Juan Carlos Solórzano Fonseca | ||
| 773 | 0 | |0 18765 |9 5836 |a Universidad de Costa Rica. |d San José, Costa Rica: Editorial Universidad de Costa Rica, 1974- |o 21393 |t Anuario de Estudios Centroamericanos / |x 03777316 | |
| 942 | |2 ddc |c PP |h REV0040 23 (1-2) 1997 |k REV0040 |m 23 (1-2) 1997 |6 REV0040_23_12_1997 | ||
| 999 | |c 43778 |d 43778 | ||
